| 000 | 00925nam a22002295i 4500 | ||
|---|---|---|---|
| 001 | 165417 | ||
| 003 | ES-MaACL | ||
| 005 | 20251211133008.0 | ||
| 008 | 940301s1833 sp |||| | spa d | ||
| 040 |
_aAS _bspa |
||
| 100 | 1 |
_aSiñeriz, Juan Francisco. _9132780 |
|
| 245 | 1 | 0 |
_aCompendio del Derecho Real de España _b: extractado de la obra del doctor don Juan Sala ... y acomodado por preguntas y respuestas a la inteligencia de los litigantes ... / _ccompuesto por Juan Francisco Siñeriz. |
| 250 | _a2a ed. | ||
| 260 |
_aMadrid : _b[s.n.], _c1833 ( _fImprenta de don Leonardo Núñez) |
||
| 300 |
_aVIII, 288 p. ; _c21 cm. |
||
| 594 | _aMarca tip. en port. | ||
| 650 | 4 |
_aLegislación- _zEspaña. _9157210 |
|
| 700 | 1 |
_aSala Bañuls, Juan, _d1731-1806. _tIlustración del derecho real de España _9132308 |
|
| 752 |
_aEspaña - _dMadrid |
||
| 852 |
_aES-MaACL _jB-6236 _z-- Enc. hol. |
||
| 999 |
_c165417 _d165417 |
||